Huerta y la Revolución vistos por la esposa de un diplomático en México : cartas desde la Embajada norteamericana en México que refieren el dramático período comprendido entre el 8 de octubre de 1913 y el rompimiento de relaciones que tuvo lugar el 23 de abril de 1914, junto con un resumen sobre la ocupación de Veracruz /
Historia del régimen huertista, escrita por Edith Louise O'Shaughnessy Coues, esposa del diplomático norteamericano Nelson O'Shaughnessy, quien fungió como secretario y encargado de negocios en la Embajada de Estados Unidos en México. Catalogada como una fuente clave para el estudio del huertismo, l...
Guardat en:
| Autor principal: | |
|---|---|
| Altres autors: | |
| Format: | Llibre |
| Idioma: | espanyol |
| Publicat: |
México :
Diógenes,
1971, c1971
|
| Matèries: | |
| Etiquetes: |
Sense etiquetes, Sigues el primer a etiquetar aquest registre!
|
MARC
| LEADER | 00000nam^a2200000^a^4500 | ||
|---|---|---|---|
| 001 | 000119750 | ||
| 005 | 20250521000000.0 | ||
| 009 | 20260310094326.984 | ||
| 037 | |a Acervo ITESO - Biblioteca | ||
| 041 | |a ESP | ||
| 082 | |a 972. 0612 |b OSH | ||
| 100 | |a O'Shaughnessy, Edith |e (autor) | ||
| 240 | 1 | 1 | |a [Huerta y la Revolución vistos por la esposa de un diplomático en México] |
| 245 | 1 | 0 | |a Huerta y la Revolución vistos por la esposa de un diplomático en México : |b cartas desde la Embajada norteamericana en México que refieren el dramático período comprendido entre el 8 de octubre de 1913 y el rompimiento de relaciones que tuvo lugar el 23 de abril de 1914, junto con un resumen sobre la ocupación de Veracruz / |c E. O'Shaughnessy ; pról., notas y tr. por E. Meyer |
| 264 | 4 | |a México : |b Diógenes, |c 1971, c1971 | |
| 300 | |a 340 p. | ||
| 336 | |a texto |b txt |2 rdacontenido | ||
| 337 | |a sin mediación |b n |2 rdamedio | ||
| 338 | |a volumen |b nc |2 rdasoporte | ||
| 500 | |a Traducción de: A Diplomat's Wife in Mexico | ||
| 520 | |a Historia del régimen huertista, escrita por Edith Louise O'Shaughnessy Coues, esposa del diplomático norteamericano Nelson O'Shaughnessy, quien fungió como secretario y encargado de negocios en la Embajada de Estados Unidos en México. Catalogada como una fuente clave para el estudio del huertismo, la obra defiende la gestión de Huerta y condena la política intervencionista del presidente norteamericano Thomas Woodrow Wilson, crítica que obligó a Nelson O'Shaughnessy a renunciar a su carrera diplomática. En síntesis, es un testimonio referente al periodo comprendido entre el 8 de octubre de 1913 y la ruptura de relaciones mexicano-estadounidenses, ocurrida el 23 de abril de 1914. | ||
| 520 | |a Historia del régimen huertista, escrita por Edith O'Shaughnessy [Edith Louise Coues, de soltera] (1876-1939), esposa del diplomático norteamericano Nelson O'Shaughnessy, quien fungió como secretario y encargado de negocios en la Embajada de Estados Unidos en México. Catalogado como una fuente clave para el estudio del régimen liderado por Victoriano Huerta, el epistolario defiende la gestión del jefe de Estado mexicano y condena la política intervencionista del presidente norteamericano Thomas Woodrow Wilson, crítica que obligó a Nelson O'Shaughnessy a renunciar a su carrera diplomática. En síntesis, es un testimonio referente al periodo comprendido entre el 8 de octubre de 1913 y la ruptura de relaciones mexicano-estadounidenses, ocurrida el 23 de abril de 1914. | ||
| 649 | |a XX | ||
| 650 | |a Mujeres Norteamericanas - |x Memorias | ||
| 650 | |a Cartas Norteamericanas | ||
| 650 | |a Relaciones Internacionales - |z México-EUA - |x Historia - |x Tema Principal | ||
| 650 | |a Política - |z México - |x Historia | ||
| 650 | |a Política - |z EUA - |x Historia | ||
| 650 | |a México - |x Historia - |y Régimen Huertista, 1913-1914 - |x Tema Principal | ||
| 650 | |a México - |x Historia - |y Revolución Carrancista y Constitucionalista, 1913-1917 | ||
| 650 | |a México - |x Historia - |y Invasiones Norteamericanas, 1914-1919 | ||
| 650 | |a México - |x Historia - |y Revolución, 1910-1917 | ||
| 650 | |a México - |x Historia - |y Siglo XX | ||
| 650 | |a EUA - |x Historia - |y 1901-1919 | ||
| 650 | |a EUA - |x Historia - |y Siglo XX | ||
| 650 | |a Huerta, Victoriano - |x Tema Principal | ||
| 650 | |a O'Shaughnessy, Edith - |x Tema Principal | ||
| 650 | |a O'Shaughnessy, Nelson | ||
| 650 | |a Wilson, Thomas Woodrow | ||
| 700 | |a Meyer, Eugenia |e (prólogo, notas y traducción) | ||
| 910 | |a Fondo General | ||
| 920 | |a Impresos - Libros | ||
| 930 | |a Colección General | ||
| 905 | |a 101 | ||
| 901 | |a 0500054313 |b IT1 |c ACC |u 20250521 | ||
| 902 | |a https://opac.biblio.iteso.mx/vufind/Record/000119750 | ||